[Event "Agai Sachdeva Memorial"]
[Site "Agra"]
[Date "2024.08.09"]
[Round "3"]
[White "Aryan, Verma"]
[Black "Kriti, Mayur Patel"]
[Result "0-1"]
[WhiteElo "1645"]
[BlackElo "1786"]
[PlyCount "82"]
[EventDate "2024.08.09"]
[EventType "swiss"]
[EventRounds "9"]
[EventCountry "IND"]
[SourceTitle "EXT 2025"]
[Source "ChessBase"]
[SourceDate "2024.10.14"]
[SourceVersion "1"]
[SourceVersionDate "2024.10.14"]
[SourceQuality "1"]

1. e4 e5 2. Nf3 Nc6 3. Bc4 Nf6 4. Nc3 Nxe4 5. Nxe4 d5 6. Bb5 dxe4 7. Nxe5 Qd5 8. Bxc6+ bxc6 9. Ng4 Ba6 10. Ne3 Qd7 11. c4 Bc5 12. Qa4 Bb7 13. 0-0 0-0 14. b4 Bd4 15. Rb1 f5 16. Rd1 f4 17. Qc2 Rae8 18. c5 Ba6 19. b5 Bxb5 20. Rxb5 cxb5 21. Qb3+ Kh8 22. Nf1 f3 23. Bb2 fxg2 24. Ne3 Bxb2 25. Qxb2 Qf7 26. d4 exd3 27. Rxd3 Re6 28. Qd2 Qe7 29. c6 Rxc6 30. Rd7 Qf6 31. h3 Rd6 32. Rxd6 Qxd6 33. Qb2 Qf6 34. Qc2 c5 35. Ng4 Qd4 36. Qe2 c4 37. Qe7 Qd8 38. Qc5 Qc8 39. Qh5 Qf5 40. Qh4 c3 41. Ne3 Qf4 0-1